Normal view
MARC view
- البنوك الاسلامية- الاسلام والاقتصاد
Entry Topical Term
001 - CONTROL NUMBER
- control field: 63365
003 - CONTROL NUMBER IDENTIFIER
- control field: JO-AjAnu
005 - DATE AND TIME OF LATEST TRANSACTION
- control field: 20230606084337.0
008 - FIXED-LENGTH DATA ELEMENTS
- fixed length control field: 230606|| aca||aabn | a|a d
040 ## - CATALOGING SOURCE
- Original cataloging agency: JO-AjAnu
- Transcribing agency: JO-AjAnu
150 ## - HEADING--TOPICAL TERM
- Topical term or geographic name entry element: البنوك الاسلامية- الاسلام والاقتصاد
670 ## - SOURCE DATA FOUND
- Source citation: Work cat.: (JO-AjAnu)32305: اعداد علعالي، اسماعيل قاسم محمد؛ اشراف قاسم موسى ابو عيد, author 63364, دور المسؤولية الاجتماعية للبنوك الاسلامية الاردنية في جذب حسابات الاستثمار المشترك=The Role Social Responsibility of Jordanian Islamic Banks in Attracting Mutual Investment Accounts